Estructura agraria, dinámica de población y desarrollo capitalista en Centroamérica
Guardado en:
| Institution som forfatter: | |
|---|---|
| Format: | Texto |
| Udgivet: |
San José:
EDUCA
|
| Tags: |
Tilføj Tag
Ingen Tags, Vær først til at tagge denne postø!
|
MARC
| LEADER | 00000 a a2200000 04500 | ||
|---|---|---|---|
| 001 | 25549 | ||
| 003 | |||
| 040 | |||
| 090 | |a 154803 | ||
| 110 | |a CSUCA | ||
| 245 | |a Estructura agraria, dinámica de población y desarrollo capitalista en Centroamérica | ||
| 260 | |a San José: |b EDUCA | ||
| 300 | |a 335 p. |b **no definido** | ||
| 999 | |c 5912 |d 5912 | ||
